Helping in the hallways : advanced strategies for enhancing school relationaships /

Bewaard in:
Bibliografische gegevens
Hoofdauteur: Hazler, Richard J.
Formaat: Boek
Taal:English
Gepubliceerd in: Thousand Oaks, Calif. : Corwin Press, 1998.
Onderwerpen:
Tags: Voeg label toe
Geen labels, Wees de eerste die dit record labelt!
Thư viện lưu trữ: Mạng thư viện Đại học Đà Nẵng
LEADER 01012cam a2200349 i 4500
001 000045377
003 4552
005 20030227104337.0
008 010320|1998 vm 000 eng
020 |a 0803966008 
040 |a IRC  |c IRC  |d IRC 
041 0 |a eng 
082 1 4 |a 371.78  |b HA-R 
100 1 |a Hazler, Richard J. 
245 0 0 |a Helping in the hallways :  |b advanced strategies for enhancing school relationaships /  |c Richard J. Hazler. 
260 |a Thousand Oaks, Calif. :  |b Corwin Press,  |c 1998. 
300 |a xi, 82p. 
630 0 4 |a Education. 
650 0 4 |a Educational counseling  |z United States. 
650 0 4 |a Schools  |z United States  |x Safety measures. 
650 0 4 |a Student counselors  |z United States. 
650 0 4 |a Interpersonal relations  |z United States. 
OWN |a DUT 
999 |a From the UDN01 
TYP |a Monograph 
TYP |a Printed language 
980 |a Mạng thư viện Đại học Đà Nẵng